La letra de cambio y el pagaré : en la Doctrina, Legislación y Jurisprudencia. Tomo Primero /

Guardado en:
Autor Principal: Williams, Jorge N.
Formato: Libro
Idioma:Spanish
Publicado: Buenos Aires : Abeledo-Perrot, 1981.
Edición:1° ed.
Materias:
Etiquetas: Agregar Etiqueta
Sin Etiquetas, Sea el primero en etiquetar este registro!
LEADER 00600nam a22001815a 4500
001 DER.der014588
008 200226s1981####ag############000#0#spa#d
005 20211018114759.0
245 1 0 |a La letra de cambio y el pagaré :  |b en la Doctrina, Legislación y Jurisprudencia.  |n Tomo Primero /  |c Jorge N. Williams. 
250 |a 1° ed. 
260 |a Buenos Aires :  |b Abeledo-Perrot,  |c 1981. 
300 |a 718 p. 
100 1 |a Williams, Jorge N. 
082 0 4 |a 347.5  |2 21 
650 7 |a Letra de cambio  |2 SAIJ 
650 7 |a Pagaré  |2 SAIJ 
650 7 |a DERECHO BANCARIO  |2 UNBIS 
859 |a DERECHO  |b BIB. DERECHO  |h 347.5  |i W69  |p 009881  |t 1